Engineering Mechanics (Record no. 61128)

MARC details
000 -LEADER
fixed length control field 00486nam a22002057a 4500
003 - CONTROL NUMBER IDENTIFIER
control field OSt
005 - DATE AND TIME OF LATEST TRANSACTION
control field 20241028133921.0
008 - FIXED-LENGTH DATA ELEMENTS--GENERAL INFORMATION
fixed length control field 241028b |||||||| |||| 00| 0 eng d
020 ## - INTERNATIONAL STANDARD BOOK NUMBER
International Standard Book Number 978-0-19-809632-0
040 ## - CATALOGING SOURCE
Transcribing agency Trident
082 ## - DEWEY DECIMAL CLASSIFICATION NUMBER
Classification number 620.1
Item number BHA
100 ## - MAIN ENTRY--PERSONAL NAME
Personal name Basudeb Bhattacharyya
245 ## - TITLE STATEMENT
Title Engineering Mechanics
250 ## - EDITION STATEMENT
Edition statement 2nd
260 ## - PUBLICATION, DISTRIBUTION, ETC.
Place of publication, distribution, etc. New Delhi
Name of publisher, distributor, etc. Oxford
Date of publication, distribution, etc. 2022
300 ## - PHYSICAL DESCRIPTION
Extent xix,792p;
500 ## - GENERAL NOTE
General note Book Quantity-10
650 ## - SUBJECT ADDED ENTRY--TOPICAL TERM
Topical term or geographic name entry element Mechanics
942 ## - ADDED ENTRY ELEMENTS (KOHA)
Source of classification or shelving scheme Dewey Decimal Classification
Koha item type Books
Suppress in OPAC No
Holdings
Withdrawn status Lost status Source of classification or shelving scheme Damaged status Not for loan Home library Current library Shelving location Date acquired Total Checkouts Full call number Barcode Date last seen Date last checked out Price effective from Koha item type
    Dewey Decimal Classification     Central Library, Trident Academy of Technology Central Library, Trident Academy of Technology General Stacks 10/28/2024 2 620.1 BHA 61416 02/03/2025 02/03/2025 10/28/2024 Books
    Dewey Decimal Classification     Central Library, Trident Academy of Technology Central Library, Trident Academy of Technology General Stacks 10/28/2024 1 620.1 BHA 61417 02/17/2026 09/17/2025 10/28/2024 Books
    Dewey Decimal Classification     Central Library, Trident Academy of Technology Central Library, Trident Academy of Technology General Stacks 10/28/2024 1 620.1 BHA 61418 06/04/2025 12/18/2024 10/28/2024 Books
    Dewey Decimal Classification     Central Library, Trident Academy of Technology Central Library, Trident Academy of Technology General Stacks 10/28/2024   620.1 BHA 61419 10/28/2024   10/28/2024 Books
    Dewey Decimal Classification     Central Library, Trident Academy of Technology Central Library, Trident Academy of Technology General Stacks 10/28/2024 1 620.1 BHA 61420 02/06/2025 11/02/2024 10/28/2024 Books
    Dewey Decimal Classification     Central Library, Trident Academy of Technology Central Library, Trident Academy of Technology General Stacks 10/28/2024   620.1 BHA 61421 10/28/2024   10/28/2024 Books
    Dewey Decimal Classification     Central Library, Trident Academy of Technology Central Library, Trident Academy of Technology General Stacks 10/28/2024   620.1 BHA 61422 10/28/2024   10/28/2024 Books
    Dewey Decimal Classification     Central Library, Trident Academy of Technology Central Library, Trident Academy of Technology General Stacks 10/28/2024   620.1 BHA 61423 10/28/2024   10/28/2024 Books
    Dewey Decimal Classification     Central Library, Trident Academy of Technology Central Library, Trident Academy of Technology General Stacks 10/28/2024 1 620.1 BHA 61424 06/08/2026 12/18/2024 10/28/2024 Books
    Dewey Decimal Classification     Central Library, Trident Academy of Technology Central Library, Trident Academy of Technology General Stacks 10/28/2024 1 620.1 BHA 61425 03/29/2025 12/18/2024 10/28/2024 Books
Trident Academy of Technology © 2023.
All rights reserved.                                                                                                                                                                                                        Designed by Team of Central Library .

Powered by Koha